书目信息 |
| 题名: |
ETS新托福考试官方指南
|
|
| 作者: | ;美国教育考试服务中心 著 | |
| 分册: | ||
| 出版信息: | 北京 世界图书出版公司北京公司 2008 |
|
| 页数: | 373页 | |
| 开本: | 26cm | |
| 丛书名: | ||
| 单 册: | ||
| 中图分类: | H310.41 | |
| 科图分类: | ||
| 主题词: | 英语--高等教育--自学参考资料 , 英语 , 高等教育 | |
| 电子资源: | ||
| ISBN: | 978-7-5062-9140-8 | |
| 000 | 00970nam0 2200277 45 | |
| 001 | 1132148374 | |
| 005 | 20110315140554.65 | |
| 010 | @a978-7-5062-9140-8@dCNY78.00 | |
| 100 | @a20110110e20092008ekmy0chiy0120 ea | |
| 101 | 0 | @achi@aeng |
| 102 | @aCN@b110000 | |
| 105 | @ay z 000yy | |
| 106 | @ar | |
| 200 | 1 | @aETS新托福考试官方指南@AETS Xin Tuo Fu Kao Shi Guan Fang Zhi Nan@dETS:The People Who Make the Test!@f美国教育考试服务中心著@FMei Guo Jiao Yu Kao Shi Fu Wu Zhong Xin Zhu@zeng |
| 205 | @a2版 | |
| 210 | @a北京@c世界图书出版公司北京公司@d2008@h2009 | |
| 215 | @a373页@d26cm@e附光盘1片 | |
| 307 | @a附光盘:ISBN 978-7-88765-395-6 | |
| 510 | 1 | @aETS:The People Who Make the Test!@zeng |
| 606 | 0 | @a英语@x高等教育@j自学参考资料 |
| 606 | 0 | @a英语 |
| 606 | 0 | @a高等教育 |
| 690 | @aH310.41@v4 | |
| 711 | 02 | @a美国教育考试服务中心@AMei Guo Jiao Yu Kao Shi Fu Wu Zhong Xin@4著 |
| 801 | 0 | @aCN@bTANGWEI@c20110315 |
| 905 | @b0533175-79@dH310.41@e1548=2@f5 | |
| ETS新托福考试官方指南=ETS:The People Who Make the Test!/美国教育考试服务中心著.-2版.-北京:世界图书出版公司北京公司,2008(2009) |
| 373页;26cm+附光盘1片 |
| ISBN 978-7-5062-9140-8:CNY78.00 |
| ● |
| 相关链接 |
|
|
|
|
正题名:ETS新托福考试官方指南
索取号:H310.41/1548=2
 
预约/预借
| 序号 | 登录号 | 条形码 | 馆藏地/架位号 | 状态 | 备注 |
| 1 | 0533175 | 205331755 | 第二样本阅览室/ [索取号:H310.41/1548=2] | 在馆 | |
| 2 | 0533176 | 205331764 | 第四借阅区/ [索取号:H310.41/1548=2] | 在馆 | |
| 3 | 0533177 | 205331773 | 第四借阅区/ [索取号:H310.41/1548=2] | 在馆 | |
| 4 | 0533178 | 205331782 | 第四借阅区/ [索取号:H310.41/1548=2] | 在馆 | |
| 5 | 0533179 | 205331791 | 密集书库—外国语学院/ [索取号:H310.41/1548=2] | 在馆 |